Thinking as communicating : human development, the growth of discourses, and mathematizing (Record no. 298329)

MARC details
000 -LEADER
fixed length control field 00716nam a2200217Ia 4500
008 - FIXED-LENGTH DATA ELEMENTS--GENERAL INFORMATION
fixed length control field 191130s2008##################000#0#eng##
020 ## - INTERNATIONAL STANDARD BOOK NUMBER
ISBN 9780521161541
082 ## - DEWEY DECIMAL CLASSIFICATION NUMBER
Classification number 153 SFA
100 ## - MAIN ENTRY--AUTHOR NAME
Personal name Sfard, Anna
245 ## - TITLE STATEMENT
Title Thinking as communicating : human development, the growth of discourses, and mathematizing
Statement of responsibility, etc Anna Sfard
260 ## - PUBLICATION, DISTRIBUTION, ETC. (IMPRINT)
Place of publication Cambridge
Name of publisher Cambridge University Press
Year of publication 2008
300 ## - PHYSICAL DESCRIPTION
Number of Pages xxiii, 324 p. : ill. ; 24 cm
500 ## - GENERAL NOTE
General note Includes bibliographical references (p. 303-317) and indexes
650 ## - SUBJECT ADDED ENTRY--TOPICAL TERM
Topical Term Mathematics - Language
Topical Term Thought and thinking
991 ## -
-- 207743
Holdings
Withdrawn status Lost status Damaged status Not for loan Home library Current library Shelving location Date acquired Full call number Accession Number Price effective from Koha item type
        Anna Centenary Library Anna Centenary Library 3RD FLOOR, A WING 15.10.2020 153 SFA 244638 15.10.2020 English Books

Find us on the map